| 000 | 01288cam a2200337 a 4500 | ||
|---|---|---|---|
| 001 | 13735129 | ||
| 003 | 20170112154840.0 | ||
| 005 | 20240606080929.0 | ||
| 008 | 040929s2006 nyua 001 0 eng | ||
| 020 | _a0078602564 | ||
| 040 |
_aDLC _cDLC _dDLC |
||
| 050 | 0 | 0 |
_aQA52.3 _b.G74 2006 |
| 082 | 0 | 0 |
_a652.3/0076 _222 |
| 100 | 1 |
_aZimmerly, _d1946- |
|
| 245 | 1 | 0 |
_aKeyboarding Connections: _bprojects and applications |
| 250 | _a10th ed. | ||
| 260 |
_aNew York : _bMcGraw-Hill Irwin, _cc2004. |
||
| 300 |
_a1 v. (various pagings) : _bcol. ill. ; _c28 cm. |
||
| 500 | _aRev. ed. of: Gregg college keyboarding & document processing. Lessons 1-120 / Scot Ober ... [et al.]. | ||
| 500 | _aIncludes index. | ||
| 650 | 0 |
_aWord processing _vProblems, exercises, etc. |
|
| 650 | 0 |
_aKeyboarding _vProblems, exercises, etc. |
|
| 650 | 0 |
_aCommercial correspondence _vProblems, exercises, etc. |
|
| 650 | 0 |
_aReport writing _vProblems, exercises, etc. |
|
| 700 | 1 | _aJohnson, Jack E. | |
| 700 | 1 | _aZimmerly, Arlene. | |
| 730 | 0 |
_aGregg college keyboarding & document processing. _nLessons 1-120. |
|
| 906 |
_a7 _bcbc _corignew _d1 _eocip _f20 _gy-gencatlg |
||
| 942 |
_2lcc _cBK |
||
| 999 |
_c4149 _d4149 |
||